| 000 | 00426cam a2200181ua 4500 | ||
|---|---|---|---|
| 001 | 3869 | ||
| 008 | 111207n ii |||gr||||Z||||||asm | ||
| 040 | _cMAIN | ||
| 082 | _a891.4511 | ||
| 100 | 1 |
_aSarma, Durgeswar, _eAuthor. |
|
| 245 | 1 | 1 |
_aNivedan _cby Durgeswar Sarma |
| 250 | _a1st. | ||
| 260 |
_aJorhat: _bAssam sahitya sabha,978. |
||
| 300 |
_a78p: _c23cm. |
||
| 653 | _aAssamese poem | ||
| 653 | _aNivedan | ||
| 942 | _cBK | ||
| 999 |
_c3692 _d3692 |
||